[Event "Bundesliga 2324"]
[Site "Germany"]
[Date "2024.04.27"]
[Round "14.6"]
[White "Dragnev, Valentin"]
[Black "Svane, Frederik"]
[Result "0-1"]
[WhiteElo "2586"]
[BlackElo "2626"]
[PlyCount "184"]
[EventDate "2023.10.21"]
[EventType "team-tourn"]
[EventRounds "15"]
[EventCountry "GER"]
[SourceTitle "CB18_2024"]
[SourceDate "2024.05.01"]
[SourceVersion "1"]
[SourceVersionDate "2024.05.01"]
[SourceQuality "2"]
[WhiteTeam "Bayern Muenchen"]
[BlackTeam "Hamburger SK"]
[WhiteTeamCountry "GER"]
[BlackTeamCountry "GER"]

1. e4 e5 2. Nf3 Nc6 3. Bc4 Nf6 4. d3 Bc5 5. 0-0 d6 6. c3 a5 7. Re1 0-0 8. h3 Be6 9. Bb5 Ba7 10. Be3 Ne7 11. Bxa7 Rxa7 12. d4 Ng6 13. Nbd2 h6 14. Bf1 Ra8 15. Qc2 c6 16. Rad1 Qc7 17. a4 Rfe8 18. dxe5 dxe5 19. Nc4 Red8 20. Rxd8+ Rxd8 21. b4 Bxc4 22. Bxc4 b5 23. Bf1 axb4 24. cxb4 bxa4 25. Qxa4 Rb8 26. Rc1 Qe7 27. Rc4 Qd6 28. g3 Nf8 29. Nh4 Kh7 30. Nf5 Qd7 31. Qxc6 Qxc6 32. Rxc6 Rxb4 33. Nd6 Ne6 34. Nxf7 Nd4 35. Rc1 Nxe4 36. Bd3 Kg8 37. Nxe5 Nd6 38. Rc5 Rb6 39. h4 Ne6 40. Ra5 Nc7 41. h5 Rb7 42. Ra4 Nce8 43. Bg6 Kf8 44. Rd4 Rc7 45. Kg2 Ke7 46. Bb1 Nf6 47. Ng6+ Kd7 48. Bf5+ Kc6 49. Be6 Nb5 50. Rd2 Kc5 51. Nf4 Nd4 52. Nd3+ Kd6 53. Nf4 Kc5 54. Ba2 Rb7 55. Nd3+ Kd6 56. Nb2 Rb4 57. Nc4+ Kc5 58. Ne5 Kd6 59. Nf3 Kc5 60. Ne1 Rb7 61. Nd3+ Kd6 62. Nf4 Kc5 63. f3 Ra7 64. g4 Ra3 65. Nd3+ Kd6 66. Ne1 Kc5 67. Bf7 Re3 68. Kf2 Rxe1 69. Bg6 Ra1 70. Bd3 Ra3 71. Rd1 Nd5 72. Be4 Ra2+ 73. Kg3 Nc3 74. Re1 Nde2+ 75. Kh4 Nxe4 76. fxe4 Kd4 77. g5 Ke3 78. gxh6 gxh6 79. Kg4 Ra5 80. e5 Rxe5 81. Ra1 Rg5+ 82. Kh4 Nd4 83. Ra3+ Kf4 84. Ra4 Rg4+ 85. Kh3 Kg5 86. Ra6 Rh4+ 87. Kg3 Nf5+ 88. Kf3 Rf4+ 89. Kg2 Kxh5 90. Ra8 Nh4+ 91. Kg3 Rf3+ 92. Kh2 Kg5 0-1

[Event "Titled Tuesday intern op 13th Feb Early"]
[Site "Chess.com INT"]
[Date "2024.02.13"]
[Round "1"]
[White "Dragnev, Valentin"]
[Black "Belmonte, Diego Mariano"]
[Result "1-0"]
[WhiteElo "2571"]
[BlackElo "2305"]
[PlyCount "89"]
[EventDate "2024.02.13"]
[EventType "swiss (blitz)"]
[EventRounds "11"]
[EventCountry "USA"]
[SourceTitle "CB08_2024"]
[SourceDate "2024.02.21"]
[SourceVersion "1"]
[SourceVersionDate "2024.02.21"]
[SourceQuality "1"]

1. d4 d5 2. Nf3 Nf6 3. Bf4 c5 4. e3 Nc6 5. Nbd2 Bg4 6. c3 cxd4 7. exd4 e6 8. Qb3 Qc8 9. Nh4 h6 10. h3 g5 11. Be5 Nxe5 12. dxe5 Nd7 13. hxg4 gxh4 14. Rxh4 Be7 15. Rh5 Qc7 16. Nf3 0-0-0 17. 0-0-0 Kb8 18. Qa4 Nc5 19. Qf4 Ne4 20. Qe3 Bc5 21. Nd4 Rdg8 22. f3 Ng3 23. Rh3 Nxf1 24. Rxf1 Qb6 25. Kb1 Rc8 26. Rd1 a5 27. Rxh6 Rxh6 28. Qxh6 Ba3 29. Qd2 a4 30. Ka1 Bc5 31. a3 Be7 32. Qc2 Rc4 33. Qh7 Bc5 34. Nc2 Qc7 35. Qh8+ Ka7 36. Qf6 Qb6 37. Qg5 Qb3 38. Qd2 Bb6 39. Nb4 Ba5 40. Nd3 Bb6 41. Nc1 Qb5 42. Qc2 Ba5 43. Rd3 Qc5 44. Ne2 b5 45. Rd4 1-0

[Event "Titled Tuesday intern op 06th Feb Early"]
[Site "Chess.com INT"]
[Date "2024.02.06"]
[Round "7"]
[White "Gavrilov, Maxim"]
[Black "Dragnev, Valentin"]
[Result "0-1"]
[WhiteElo "2167"]
[BlackElo "2571"]
[PlyCount "52"]
[EventDate "2024.02.06"]
[EventType "swiss (blitz)"]
[EventRounds "11"]
[EventCountry "USA"]
[SourceTitle "CB07_2024"]
[SourceDate "2024.02.14"]
[SourceVersion "1"]
[SourceVersionDate "2024.02.14"]
[SourceQuality "1"]

1. d4 d5 2. c4 e6 3. Nc3 c5 4. cxd5 cxd4 5. Qa4+ Bd7 6. Qxd4 exd5 7. Qxd5 Nf6 8. Qd1 Bc5 9. Nf3 0-0 10. e3 Qe7 11. Be2 Rd8 12. 0-0 Nc6 13. Bd2 Rac8 14. Rc1 Ne5 15. Qc2 Bc6 16. Nxe5 Qxe5 17. Rfd1 h5 18. Bf1 Ng4 19. g3 h4 20. Bg2 hxg3 21. hxg3 Qh5 22. Ne4 Bf8 23. Bc3 Qh2+ 24. Kf1 Bb5+ 25. Ke1 Qg1+ 26. Bf1 Qxf1# 0-1

[Event "Bundesliga 2324"]
[Site "Germany"]
[Date "2024.02.04"]
[Round "8.4"]
[White "Dragnev, Valentin"]
[Black "Anton Guijarro, David"]
[Result "1/2-1/2"]
[WhiteElo "2586"]
[BlackElo "2653"]
[PlyCount "94"]
[EventDate "2023.10.21"]
[EventType "team-tourn"]
[EventRounds "15"]
[EventCountry "GER"]
[SourceTitle "CB06_2024"]
[SourceDate "2024.02.07"]
[SourceVersion "1"]
[SourceVersionDate "2024.02.07"]
[SourceQuality "1"]
[WhiteTeam "Bayern Muenchen"]
[BlackTeam "Viernheim"]
[WhiteTeamCountry "GER"]
[BlackTeamCountry "GER"]

1. Nf3 d5 2. e3 Nf6 3. c4 c5 4. cxd5 Nxd5 5. Nc3 e6 6. Bc4 Be7 7. 0-0 0-0 8. Qe2 Nc6 9. d4 cxd4 10. exd4 Nb6 11. Rd1 Nxc4 12. Qxc4 Nb4 13. Bf4 Bd7 14. a3 Nd5 15. Nxd5 exd5 16. Qxd5 Bc6 17. Qb3 Bd5 18. Qd3 Rc8 19. Ne5 Bd6 20. Bg3 Re8 21. Rd2 h5 22. h4 Be7 23. Qf5 Bxh4 24. Bxh4 Qxh4 25. Nf3 Qd8 26. Qxh5 Rc6 27. Qg5 Qxg5 28. Nxg5 Rg6 29. f4 f6 30. Nh3 Re3 31. Kh2 Rgg3 32. Kg1 Rg4 33. Kh2 Rgg3 34. Kg1 Rd3 35. Rxd3 Rxd3 36. Rf1 Rxd4 37. Rf2 Kh7 38. Kh2 Be6 39. Ng1 Kg6 40. Ne2 Rd5 41. Ng3 Bd7 42. Nf1 Rd3 43. Rd2 Rxd2 44. Nxd2 Kf5 45. g3 Ke6 46. Kg2 Kd5 47. Kf2 Bf5 1/2-1/2

[Event "Titled Tuesday intern op 16th Jan Early"]
[Site "Chess.com INT"]
[Date "2024.01.16"]
[Round "8"]
[White "Bodnaruk, Anastasia"]
[Black "Dragnev, Valentin"]
[Result "1-0"]
[WhiteElo "2340"]
[BlackElo "2582"]
[PlyCount "87"]
[EventDate "2024.01.16"]
[EventType "swiss (blitz)"]
[EventRounds "11"]
[EventCountry "USA"]
[SourceTitle "CB04_2024"]
[SourceDate "2023.10.16"]
[SourceVersion "1"]
[SourceVersionDate "2023.10.16"]
[SourceQuality "1"]

1. e4 c5 2. Nc3 Nc6 3. Bb5 g6 4. Bxc6 bxc6 5. d3 Bg7 6. f4 d6 7. Nf3 e5 8. fxe5 dxe5 9. Be3 Qb6 10. Na4 Qa5+ 11. c3 c4 12. dxc4 Be6 13. Nc5 Rd8 14. Qe2 Bc8 15. 0-0 Ne7 16. b4 Qc7 17. a4 0-0 18. a5 f5 19. a6 f4 20. Bf2 h6 21. h4 Bg4 22. Rad1 g5 23. hxg5 hxg5 24. Qa2 Bf6 25. Rxd8 Qxd8 26. Nh2 Bc8 27. Qe2 Kg7 28. Ng4 Rh8 29. Rd1 Qe8 30. Nxf6 Kxf6 31. Rd6+ Kg7 32. Ne6+ Bxe6 33. Rxe6 Kf7 34. Rxe5 Rg8 35. Qg4 Qd8 36. Qe6+ Kf8 37. Qf6+ Ke8 38. Qxc6+ Kf7 39. Qe6+ Kf8 40. Qf6+ Ke8 41. Be1 Qd7 42. Qe6 Qd8 43. Qxg8+ Kd7 44. Qxd8+ 1-0

[Event "EU-ch Blitz"]
[Site "Zagreb"]
[Date "2023.12.16"]
[Round "5"]
[White "Deac, Bogdan Daniel"]
[Black "Dragnev, Valentin"]
[Result "1-0"]
[WhiteElo "2690"]
[BlackElo "2579"]
[PlyCount "123"]
[EventDate "2023.12.16"]
[EventType "swiss (blitz)"]
[EventRounds "13"]
[EventCountry "CRO"]
[SourceTitle "CB51_2023"]
[SourceDate "2023.12.20"]
[SourceVersion "1"]
[SourceVersionDate "2023.12.20"]
[SourceQuality "1"]

1. Nf3 Nf6 2. g3 c5 3. c4 Nc6 4. Nc3 e6 5. d4 cxd4 6. Nxd4 Bc5 7. Nb3 Bb4 8. Bg2 0-0 9. 0-0 b6 10. Nb5 a6 11. Nd6 Qe7 12. Bf4 e5 13. Nxc8 Raxc8 14. Be3 Bc5 15. Nxc5 bxc5 16. Bg5 Rb8 17. Rb1 Rfd8 18. Qa4 Rb6 19. Rfd1 h6 20. Bxf6 Qxf6 21. e3 Qe7 22. Rd2 a5 23. Rbd1 Rb4 24. Qc2 Rb6 25. Qc3 d6 26. Bxc6 Rxc6 27. Qxa5 Rb8 28. Qc3 Qe6 29. b3 Ra6 30. Qd3 h5 31. h4 g6 32. Qe2 Rbb6 33. Rd5 Kg7 34. R1d2 Qe7 35. Qd1 Qf6 36. Kg2 Qe6 37. e4 Qe7 38. Qf3 Qa7 39. Qe2 Qb7 40. Qe3 Qa7 41. a4 Qb7 42. R2d3 Qb8 43. Qf3 Ra7 44. Qd1 Raa6 45. a5 Rc6 46. Qd2 Qb7 47. Kg1 Qc7 48. Kg2 Qe7 49. b4 cxb4 50. Qxb4 Qc7 51. Rc3 Rc5 52. Ra3 Rxc4 53. Qb5 Rcc6 54. Rad3 Qa7 55. Rd1 Qc7 56. R1d2 Qa7 57. Rb2 Qc7 58. Qb7 Qxb7 59. Rxb7 Kf6 60. Rdb5 Rc5 61. Rxc5 dxc5 62. Rb6+ 1-0

[Event "EU-ch Blitz"]
[Site "Zagreb"]
[Date "2023.12.16"]
[Round "7"]
[White "Sarana, Alexey"]
[Black "Dragnev, Valentin"]
[Result "1-0"]
[WhiteElo "2688"]
[BlackElo "2579"]
[PlyCount "97"]
[EventDate "2023.12.16"]
[EventType "swiss (blitz)"]
[EventRounds "13"]
[EventCountry "CRO"]
[SourceTitle "CB51_2023"]
[SourceDate "2023.12.20"]
[SourceVersion "1"]
[SourceVersionDate "2023.12.20"]
[SourceQuality "1"]

1. d4 Nf6 2. c4 c5 3. d5 b5 4. cxb5 a6 5. e3 g6 6. Nc3 Bg7 7. a4 0-0 8. Nf3 Bb7 9. e4 e6 10. Bc4 exd5 11. exd5 axb5 12. Nxb5 Na6 13. 0-0 Nb4 14. d6 Qb6 15. Qb3 Bxf3 16. Qxf3 Nc2 17. Ra2 Nb4 18. Ra3 Nc2 19. Rb3 Rxa4 20. Na3 Qxd6 21. Rd3 Nd4 22. Qd1 Raa8 23. Nb5 Qb6 24. Nxd4 cxd4 25. Rxd4 d5 26. Bb3 Rab8 27. Rd3 h6 28. Bf4 Rbc8 29. Qf3 Kh7 30. Be3 Qb5 31. Bd4 Rc6 32. Qd1 Rb8 33. Ba4 Qa6 34. Bxc6 Qxc6 35. b3 Ne4 36. Bxg7 Kxg7 37. Qf3 Rb5 38. Qe3 Rb4 39. h3 h5 40. Rfd1 Rb5 41. Qd4+ Kg8 42. Qe5 Qb6 43. Qf4 Qc6 44. h4 Kg7 45. Qe5+ Kh7 46. Rxd5 Rxd5 47. Qxd5 Qc2 48. Qxf7+ Kh6 49. Qf8+ 1-0

[Event "Titled Tuesday intern op 12th Dec Early"]
[Site "Chess.com INT"]
[Date "2023.12.12"]
[Round "2"]
[White "Dragnev, Valentin"]
[Black "Andreev, Konstantin1"]
[Result "1/2-1/2"]
[WhiteElo "2579"]
[BlackElo "2224"]
[PlyCount "171"]
[EventDate "2023.12.12"]
[EventType "swiss (blitz)"]
[EventRounds "11"]
[EventCountry "USA"]
[SourceTitle "CB51_2023"]
[SourceDate "2023.12.20"]
[SourceVersion "1"]
[SourceVersionDate "2023.12.20"]
[SourceQuality "1"]

1. Nf3 Nf6 2. d4 b5 3. e3 a6 4. a4 b4 5. Bd3 Bb7 6. 0-0 e6 7. Re1 d5 8. c3 c5 9. dxc5 Bxc5 10. Bd2 bxc3 11. Bxc3 0-0 12. b4 Bd6 13. Nbd2 Nbd7 14. Bf1 e5 15. Qb3 Rc8 16. Rac1 Qe7 17. h3 h6 18. b5 axb5 19. axb5 Nc5 20. Qb1 Nfe4 21. Nxe4 Nxe4 22. Bb2 f5 23. Rxc8 Rxc8 24. Rc1 Re8 25. b6 Ng5 26. Qxf5 Nxf3+ 27. Qxf3 Rf8 28. Qg4 Qf7 29. Rc2 Kh8 30. Qg3 Qe6 31. Qg4 Qf6 32. f4 Bb8 33. Qh5 Qxb6 34. Bxe5 Qxe3+ 35. Rf2 Bxe5 36. Qxe5 Qxe5 37. fxe5 Re8 38. Bd3 Kg8 39. Rb2 Re7 40. Kf2 Kf7 41. Rb6 Rc7 42. Ke3 Bc6 43. Kd4 Bb7 44. Bg6+ Ke7 45. Bd3 Kf7 46. h4 Ke7 47. g4 Kf7 48. g5 hxg5 49. hxg5 Ke7 50. g6 Bc6 51. Bf5 Bb7 52. Re6+ Kf8 53. Rd6 Rc4+ 54. Kd3 Rc7 55. Kd4 Rc4+ 56. Kd3 Rc7 57. Rb6 Ke7 58. Bg4 Bc6 59. Kd4 Bb7 60. Be2 Bc6 61. Ba6 Ba8 62. Bb5 Bb7 63. Rd6 Ba8 64. Rb6 Bb7 65. e6 Ba8 66. Ke5 Bb7 67. Bd3 Bc8 68. Bf5 Rc1 69. Rb8 Re1+ 70. Kd4 Bxe6 71. Rb7+ Kf6 72. Bd3 Rg1 73. Rb6 Rg4+ 74. Kc5 Ke5 75. Rb1 Rg3 76. Re1+ Kf6 77. Kd4 Rg4+ 78. Kc5 Bf5 79. Rf1 Rg5 80. Kxd5 Kxg6 81. Rxf5 Rxf5+ 82. Ke6 Kg5 83. Bxf5 Kf4 84. Bg6 Kg5 85. Kf7 Kf4 86. Kxg7 1/2-1/2

[Event "Titled Tuesday intern op 12th Dec Early"]
[Site "Chess.com INT"]
[Date "2023.12.12"]
[Round "11"]
[White "Dragnev, Valentin"]
[Black "Koellner, Ruben Gideon"]
[Result "0-1"]
[WhiteElo "2579"]
[BlackElo "2490"]
[PlyCount "78"]
[EventDate "2023.12.12"]
[EventType "swiss (blitz)"]
[EventRounds "11"]
[EventCountry "USA"]
[SourceTitle "CB51_2023"]
[SourceDate "2023.12.20"]
[SourceVersion "1"]
[SourceVersionDate "2023.12.20"]
[SourceQuality "1"]

1. Nf3 Nf6 2. g3 d5 3. Bg2 Nbd7 4. d4 e6 5. 0-0 b5 6. a4 b4 7. c4 bxc3 8. Nxc3 a5 9. Bf4 c6 10. Re1 Bb4 11. e4 0-0 12. Nd2 Ba6 13. Rc1 Qb6 14. Be3 Rab8 15. e5 Ne8 16. Qg4 Bd3 17. h4 Bf5 18. Qe2 h6 19. Kh2 Be7 20. b3 Ba3 21. Rcd1 Bc2 22. Qg4 Bxd1 23. Nxd1 Kh8 24. Qh5 f6 25. Bh3 fxe5 26. dxe5 Bc5 27. Bxe6 Bxe3 28. Nxe3 Rxf2+ 29. Kh3 Nf8 30. Bf7 Rxd2 31. Bxe8 Qd8 32. Bf7 Qd7+ 33. Ng4 Ne6 34. Qf5 Ng5+ 35. Qxg5 hxg5 36. e6 Qe7 37. Re5 Rxb3 38. hxg5 Rdd3 39. Kh2 Rxg3 0-1